000 00640nam a2200217 i 4500
001 14783
003 ES-MaACL
005 20230906150905.0
007 t|
008 990603s1971 fr ||||1| fre d
080 _a314.86
100 1 _aBouthoul, Gaston.
_931059
245 1 3 _aLa superpopulation
_b: l'inflation démographique /
_cGaston Bouthoul.
260 _aParis :
_bPayot,
_c[1971]
300 _a250 p. ;
_c18 cm.
490 1 _aPetite bibliothèque Payot ;
_v61
650 _aSuperpoblación.
_917263
830 0 _aPetite bibliothèque Payot ;
_v61
_9182599
852 _aES-MaACL
_jL-21992
_bR.116371
999 _c14783
_d14783